000 00758cab a2200241 4500
001 ABS56006
008 090401t1996 xxu||||| |||| 00| 0 eng d
035 _a(Sirsi) u20382
041 _aeng
100 _aBirkbeck, D.
245 _aLocal knowledge
260 _c1996
350 _a0
490 _aBuilding Economist
_vNovember 1996, 4-5(2)
520 _aDescribes how local housing companies (LHCs) are investing in the worst local authority housing stock which often require a great deal of investment to make the dwellings habitable.
650 _aESTATES RENEWAL CHALLENGE FUND
650 _aLOCAL HOUSING COMPANIES
650 _aPRIVATE INVESTMENT
650 _aSOCIAL HOUSING
690 _aHOUSING
942 _n0
948 _c04/03/1997
999 _c13653
_d13653